000 00844nam a2200217Ia 4500
008 130821s2005 si a gr eng
020 _a9812563784
040 _aCo-BoUCM
_bspa
041 0 0 _aeng
100 1 _aMalliaris, A. G.
_9123146
245 1 0 _aEconomic uncertainty, instabilities & asset bubbles selected essays
_cA.G. Malliaris
260 _aSingapur (Singapur, Asia)
_bWorld Scientific Pub.
_c2005
300 _axxvii, 343 páginas
_bgráficas
504 _aIncluye referencias bibliográficas e índice.
650 0 4 _aCiclos económicos
_910763
650 0 4 _aCrisis financiera
_912166
650 0 4 _aEconomía
_9174
856 4 2 _zConsulte la tabla de contenido haciendo click aquí
_uhttp://www.loc.gov/catdir/toc/fy0614/2005049432.html
942 _cLIBRO
_a7
_e1
_mM254e
_2DEWEY
_h338.542
999 _c65710
_d65710